000
00288nam a2200121Ia 4500
005
20251222144804.0
008
251222s9999||||xx |||||||||||||| ||spa||
082
_a
868.94/B22P
100
_a
Bandeira, Manuel
245
0
_a
Poemas
264
_b
Centro de Estudios BrasileƱos
942
_c
LIB
999
_c
19837
_d
19837